00852 a2200217 4500010001400000020001000014035001300024037001800037082001100055090001500066100002300081245012200104260004400226270012200270300002600392700001900418700002300437942002600460999001500486952013300501 aENG-85665 c80.00 aEN-69198 bD.B.Act / Pub14a336.24 c3381d33811 aSatyaprasad, B. G.1 aIncom tax-IIbfor sixth semester, B.Com Banglore Universtycby B. G. Satyaprasad, B. V. Harisha and B. V. Rudramurthy aMumbaibHimalaya Publishing Housec2007 a"Ramdoot", Dr. Bhalerao Marg, GirgaonbMumbaie400 004k022-23860170, 022-23863863l022-23877178mhimpub@vsnl.net.in a200 p.c24 cm ( Pbk.)1 aHarisha, B. V.1 aRudramurthy, B. V. adplcENk336.24 / SAT c3314d3314 00102ddc40718NFICaDBADbDBADeDBAD/PUBg80.00l0o336.24 SATpEN-69198r2008-09-15 00:00:00t1u3529v80.00w2008-09-15yEN